000 00831nam a2200277Ia 4500
003 OSt
005 20221005092925.0
006 a|||||r|||| 00| 0
007 ta
008 221004b |||||||| |||| 00| 0 eng d
020 _a0415367786 (pbk)
_c375
024 _a98594
037 _bINDXL/CLDU/139/08-09, 24/12/2009, Index International
_cTextual
040 _aCRL
_cCRL
_beng
041 _2eng
_aeng
082 _aE9G, P5
100 _aHames David
_9617919
245 0 _aInstant notes
_b Biochemistry
250 _a3rd
260 _aNew York
_bTaylor & Francis USA
_c2005
300 _aix,438p.
_ccm.
650 _aCHEMISTRY
700 _a Hooper Nigel
_9617920
942 _hE9G, P5
_cTEXL
_2cc
999 _c999566
_d999566